The litany of Washington street /

Bibliographic Details
Main Author: Lindsay, Vachel, 1879-1931
Format: Book
Language:English
Published: New York : The Macmillan company, 1929.

MARC

Tag First Indicator Second Indicator Subfields
LEADER 00000cam a2200000 4500
001 in00000032576
005 20151007061814.0
008 730216s1929 nyuacf 00011 eng
010 |a  29007625  
035 |a (OCoLC)00559797 
035 |9 AAD3125AM 
040 |a DLC  |c HIR  |d OCL  |d TXA  |d UtOrBLW 
049 |a TXAM  |c [168107] 
050 0 0 |a PS3523.I58  |b L5 1929 
092 |a 818  |b L749 
100 1 |a Lindsay, Vachel,  |d 1879-1931. 
245 1 4 |a The litany of Washington street /  |c [by] Vachel Lindsay. 
264 1 |a New York :  |b The Macmillan company,  |c 1929. 
300 |a xii pages, 1 ., 121 pages including frontispiece, illustrations, plates, ports. ;  |c 24 cm. 
336 |a text  |b txt  |2 rdacontent 
337 |a unmediated  |b n  |2 rdamedia 
338 |a volume  |b nc  |2 rdacarrier 
500 |a Illustrated lining-papers. 
500 |a "This is a work of the imagination ... These orations and litanies are held together by quotations from Walt Whitman."--Prologue. 
999 |a MARS 
999 f f |s 6472ce8b-92c0-300e-adc1-20fac0b3c6ac  |i 04a820f0-745e-3513-8635-95070cd95ade  |t 0 
952 f f |p ric  |a Texas A&M University  |b Rellis Campus  |c Joint Library Facility  |d Remote Storage  |t 0  |e PS3523.I58 L5 1929  |h Library of Congress classification  |i unmediated -- volume  |m A14801264654 
998 f f |a PS3523.I58 L5 1929  |t 0  |l Remote Storage